| 000 | 00578nam a2200277Ia 4500 | ||
|---|---|---|---|
| 008 | 150814s9999 xx 000 0 und d | ||
| 037 | _cGift | ||
| 037 | _gGift | ||
| 037 | _nDr. Ebrahim | ||
| 040 | _bmal | ||
| 041 | _aMalayalam | ||
| 082 | _aB | ||
| 100 | _aAshitha | ||
| 245 | _aAPOORNA VIRAMANGAL | ||
| 250 | _a0 | ||
| 260 | _bMulberry Publications | ||
| 260 | _c1993/01/01 | ||
| 300 | _g80 | ||
| 365 | _b22 | ||
| 590 | _aAvailable-Active | ||
| 590 | _dNil | ||
| 630 | _aNil | ||
| 650 | _aCherukadhakal | ||
| 942 | _cLEN | ||
| 942 | _hGeneral | ||
| 999 |
_c82033 _d82033 |
||